| 000 | 00777nam a22002774a 4500 | ||
|---|---|---|---|
| 001 | UByD003748 | ||
| 003 | AR-LpoUNG | ||
| 005 | 20260114165530.0 | ||
| 008 | 250221s2007 ag a a 000 1 spa d | ||
| 020 | _a9789500833660 | ||
| 040 |
_aAR-LpoUNG _bspa _cAR-LpoUNG _eaacr |
||
| 041 | 0 | _aspa | |
| 082 | 0 | _a808.068 3 395cue | |
| 100 | 1 | _aFerro, Beatriz | |
| 245 | 1 | 0 | _aCuentos del topo Amable |
| 250 | _a1ra. ed. | ||
| 260 |
_aBuenos Aires : _bAtlántida, _c2007. |
||
| 300 |
_a35 p. : _bil. |
||
| 505 | 0 | _aSugerido a partir de 6 años (etiqueta AMARILLA). | |
| 650 | 4 | _aLiteratura | |
| 650 | 4 | _aCuentos | |
| 653 | 0 | _aLiteratura infantil | |
| 700 | 1 |
_aTorres, Elena _eil. |
|
| 942 |
_2ddc _cLIB |
||
| 999 |
_c66439 _d66439 |
||